000 00719nam a2200289Ia 4500
005 20260324145608.0
008 008 260324s9999 xx 000 0 eng d
020 _a9780429312540
037 _aEBOOK
040 _aCRL
040 _beng
040 _cCRL
041 _2eng
041 _aeng
084 _qCRL
100 _aEulah Croson Laucks
_91223514
245 4 _aThe Meaning Of Children
245 0 _bAttitudes And Opinions Of A Selected Group Of U.s. University Graduates
260 _bTaylor and Francis
260 _c1981
365 _a
365 _b145
856 _uhttp://www.taylorfrancis.com/books/9780429312540
942 _cEBOOK
999 _c1831642
_d1831642